000 00552nam a2200181Ia 4500
005 20250508170223.0
008 008 250505s9999 xx 000 0 eng d
037 _aDissertations
040 _aFEDL
_beng
_cFEDL
041 _aeng
_2eng
084 _a305.42, GAU/DI
_qFEDL
100 _aGautam Khushboo
_9783503
245 0 _aGender representations in eighth grade CBSE english language textbooks
260 _c2023
546 _aM.Ed. Dissertation (Delhi University)
942 _cDIS
_h305.42, GAU/DI
999 _c1399872
_d1399872